Avant-garde as method : (Record no. 608583)

000 -LEADER
fixed length control field 01372cam a2200373 i 4500
001 - CONTROL NUMBER
control field 21911051
003 - CONTROL NUMBER IDENTIFIER
control field NUST
005 - DATE AND TIME OF LATEST TRANSACTION
control field 20240306130131.0
008 - FIXED-LENGTH DATA ELEMENTS--GENERAL INFORMATION
fixed length control field 210213s2020 sz a b 001 0 eng
010 ## - LIBRARY OF CONGRESS CONTROL NUMBER
LC control number 2020484726
020 ## - INTERNATIONAL STANDARD BOOK NUMBER
International Standard Book Number 9783038601340
Qualifying information half cloth
035 ## - SYSTEM CONTROL NUMBER
System control number (GyWOH)har190002108
038 ## - RECORD CONTENT LICENSOR
Staff Name Malang Jan
040 ## - CATALOGING SOURCE
Original cataloging agency DLC
Language of cataloging eng
Transcribing agency DLC
Description conventions rda
042 ## - AUTHENTICATION CODE
Authentication code pcc
043 ## - GEOGRAPHIC AREA CODE
Geographic area code e-ru---
050 00 - LIBRARY OF CONGRESS CALL NUMBER
Classification number N332.R93
Item number M673 2020
082 ## - DEWEY DECIMAL CLASSIFICATION NUMBER
Classification number 707.14731
Author Mark BOK
100 1# - MAIN ENTRY--PERSONAL NAME
Personal name Bokov, Anna,
Relator term author
9 (RLIN) 121930
245 10 - TITLE STATEMENT
Title Avant-garde as method :
Remainder of title Vkhutemas and the pedagogy of space, 1920-1930 /
Statement of responsibility, etc. Anna Bokov.
264 #1 - PRODUCTION, PUBLICATION, DISTRIBUTION, MANUFACTURE, AND COPYRIGHT NOTICE
Place of production, publication, distribution, manufacture Zurich :
Name of producer, publisher, distributor, manufacturer Park Books,
Date of production, publication, distribution, manufacture, or copyright notice [2020]
300 ## - PHYSICAL DESCRIPTION
Extent 624 pages :
Other physical details illustrations (partly color) ;
Dimensions 32 cm
336 ## - CONTENT TYPE
Content type term text
Content type code txt
Source rdacontent
337 ## - MEDIA TYPE
Media type term unmediated
Media type code n
Source rdamedia
338 ## - CARRIER TYPE
Carrier type term volume
Carrier type code nc
Source rdacarrier
504 ## - BIBLIOGRAPHY, ETC. NOTE
Bibliography, etc. note Includes bibliographical references and index.
610 20 - SUBJECT ADDED ENTRY--CORPORATE NAME
Corporate name or jurisdiction name as entry element VKhUTEMAS (Art school)
General subdivision History.
9 (RLIN) 121931
650 #0 - SUBJECT ADDED ENTRY--TOPICAL TERM
Topical term or geographic name entry element Constructivism (Architecture)
Geographic subdivision Russia (Federation)
General subdivision History
Chronological subdivision 20th century
9 (RLIN) 121932
650 #0 - SUBJECT ADDED ENTRY--TOPICAL TERM
Topical term or geographic name entry element Avant-garde (Aesthetics)
Geographic subdivision Russia (Federation)
General subdivision History
Chronological subdivision 20th century
9 (RLIN) 121933
650 #0 - SUBJECT ADDED ENTRY--TOPICAL TERM
Topical term or geographic name entry element Space (Architecture)
9 (RLIN) 31755
906 ## - LOCAL DATA ELEMENT F, LDF (RLIN)
a 7
b cbc
c origres
d 3
e ncip
f 20
g y-gencatlg
942 ## - ADDED ENTRY ELEMENTS (KOHA)
Source of classification or shelving scheme
Koha item type Book
Holdings
Withdrawn status Lost status Source of classification or shelving scheme Damaged status Not for loan Permanent Location Current Location Date acquired Source of acquisition Total Checkouts Full call number Barcode Date last seen Cost, replacement price Price effective from Koha item type
          School of Art Design and Architecture (SADA) School of Art Design and Architecture (SADA) 06/13/2022 Golden Books   707.14731 BOK 2020 SADA0002954 03/06/2024 9147.00 03/06/2024 Book
© 2023 Central Library, National University of Sciences and Technology. All Rights Reserved.